Central Library OPAC University of Rajshahi

The Soviet Far East : (Record no. 21634)

MARC details
000 -LEADER
fixed length control field 00824cam a2200265 4500
001 - CONTROL NUMBER
control field 21634
003 - CONTROL NUMBER IDENTIFIER
rucl marc code BD-RjUL
005 - DATE AND TIME OF LATEST TRANSACTION
control field 20211209000718.0
008 - FIXED-LENGTH DATA ELEMENTS--GENERAL INFORMATION
fixed length control field 140305s1957 nyuab b 001 0 eng d
035 ## - SYSTEM CONTROL NUMBER
System control number (BD-RjUL) 21699
040 ## - CATALOGING SOURCE
Original cataloging agency DLC
Transcribing agency DLC
Modifying agency DLC
-- BD-RjUL
Language of cataloging eng
041 1# - LANGUAGE CODE
Language code of text/sound track or separate title engger
082 00 - DEWEY DECIMAL CLASSIFICATION NUMBER
Classification number 957
Author mark and year THS 1957
100 1# - MAIN ENTRY--PERSONAL NAME
Personal name Thiel, Erich.
9 (RLIN) 66797
245 14 - TITLE STATEMENT
Title The Soviet Far East :
Remainder of title a survey of its physical and economic geography /
Statement of responsibility, etc. Translated by Annelie and Ralph M. Rookwood.
260 ## - PUBLICATION, DISTRIBUTION, ETC. (IMPRINT)
Place of publication, distribution, etc. New York :
Name of publisher, distributor, etc. Praeger,
Date of publication, distribution, etc. 1957
300 ## - PHYSICAL DESCRIPTION
Pagination 388 p. :
Illustrations illus., maps (part fold.),
Size 23 cm.
490 0# - SERIES STATEMENT
Series statement Books that matter
504 ## - BIBLIOGRAPHY, ETC. NOTE
Bibliography, etc Bibliography: p. 363-377.
651 #0 - SUBJECT ADDED ENTRY--GEOGRAPHIC NAME
Geographic name Russian Far East (Russia)
9 (RLIN) 8388
942 ## - ADDED ENTRY ELEMENTS (KOHA)
Source of classification or shelving scheme Dewey Decimal Classification
Koha item type Books
Holdings
Lost status Source of classification or shelving scheme Damaged status Not for loan Collection code Permanent Location Current Location Shelving location Date acquired Coded location qualifier Total Checkouts Full call number Date last seen Copy number Koha item type Source of acquisition Cost, normal purchase price
  Dewey Decimal Classification   Added to bundle Non-fiction Central Library, University of Rajshahi Central Library, University of Rajshahi Reading Room 08/02/1963 Zeittinger   957 THS 1957 05/03/2014 C-1 Books    
  Dewey Decimal Classification     Non-fiction Central Library, University of Rajshahi Central Library, University of Rajshahi   10/07/1972     957 THS 1957 06/03/2014 C-2 Books B. H. Black Well 46.20